[Event "Amber Rapid"]
[Site "Monte Carlo"]
[Date "1998.03.15"]
[Round "3"]
[White "Karpov, An"]
[Black "Shirov, Alexei"]
[Result "0-1"]
[WhiteElo "2735"]
[BlackElo "2710"]
[Annotator "Konikowski"]
[PlyCount "66"]
[EventDate "1998.??.??"]
[SourceDate "2003.04.06"]

1. d4 {Shirov,A. Shirov,A Shirov,A: 'Konikowski'} 1... Nf6 2. c4 g6 3. Nf3 Bg7
4. g3 O-O 5. Bg2 d6 6. O-O Nc6 7. Nc3 a6 (7... Rb8 {(Shirov,A) - 72/(502)}) 8.
Re1 (8. h3 {(Shirov,A) - 72/(502)}) 8... Rb8 9. Rb1 Re8 10. d5 Na5 11. Nd2 c5
12. a3 {'N!?' Shirov,A.  'N!?' Shirov,A.} (12. b3 {(Shirov,A) - 71/(578)})
12... Ng4 {'!?' Shirov,A.  '!?' Shirov,A.} (12... b5 {Shirov,A} 13. cxb5 axb5
14. b4 cxb4 15. Rxb4 $5 $14) 13. Qc2 Ne5 14. b3 b5 15. h3 {
'?!' Shirov,A.  '?!' Shirov,A.} (15. cxb5 {Shirov,A} 15... axb5 16. b4 $1 cxb4
17. axb4 Nac4 18. Nxc4 bxc4 $14) 15... bxc4 16. bxc4 Rxb1 17. Ncxb1 Qb6 {
'!' Shirov,A.  '!' Shirov,A.} 18. Nc3 {'!' Shirov,A.  '!' Shirov,A.} (18. f4 $2
{Shirov,A} 18... Nexc4) 18... Bf5 {'!' Shirov,A.  '!' Shirov,A.} (18... Naxc4
$2 19. Qa4 $18 (19. Nxc4 {Shirov,A} 19... Nxc4 20. Qa4 $18)) 19. e4 Bd7 20. Nd1
(20. Ne2 $5 {Shirov,A} 20... g5 $13) 20... Rb8 {'!' Shirov,A.  '!' Shirov,A.} (
20... Nb3 $5 {Shirov,A} 21. Qxb3 Qxb3 22. Nxb3 Ba4 23. Nxc5 dxc5 24. Nb2 $13)
21. f4 {'[]' Shirov,A.  '[]' Shirov,A.} (21. Ne3 $2 {Shirov,A} 21... Nb3 $17) (
21. Re3 {Shirov,A} 21... g5 $15) 21... Ba4 $1 22. Qxa4 Nd3 23. Nf3 (23. Rf1 {
Shirov,A} 23... Nxc1 $17) 23... Nxe1 {'!!' Shirov,A.  '!!' Shirov,A.} (23...
Nxc1 {Shirov,A} 24. e5 $13) 24. Nxe1 Qb1 25. Qxa5 {
'?!' Shirov,A.  '?!' Shirov,A.} (25. Be3 {Shirov,A} 25... Nb3 26. Bf3 Bd4 $17)
25... Qxc1 {'-+' Shirov,A.  '-+' Shirov,A.} 26. Bf3 $2 {
Shirov,A: ''?' Konikowski. '} (26. Qa4 $8) (26. Qa4 {Shirov,A} 26... Rb1 27.
Bf3 Qd2 28. Qe8+ Bf8 29. Kf1 Qh2) 26... Bd4+ 27. Kh2 {
'!' Shirov,A.  '!' Shirov,A.} (27. Kf1 {Shirov,A} 27... Rb3) 27... Rb3 {
'?' Shirov,A.  '?' Shirov,A.} (27... Qxc4 $19 {Shirov,A}) 28. h4 {
'!' Shirov,A.  '!' Shirov,A.} 28... Rxa3 {'?' Shirov,A.  '?' Shirov,A.} (28...
Kg7 {Shirov,A} 29. h5 gxh5 30. Bxh5 Rxa3 31. Qd8 Qd2+ 32. Ng2 Ra2 (32... Bg1+
33. Kh3) 33. Bf3 Qd3 34. Qxe7 Bf6 35. Qd7 Qxf3 36. Nde3 Qh5+ 37. Qh3 (37. Kg1
Bd4 $19) 37... Qxh3+ 38. Kxh3 Kf8 39. Nf5 Be7 $19) 29. Qd8+ Kg7 30. e5 {
'??' Shirov,A.  '??' Shirov,A.} (30. h5 {Shirov,A} 30... Rxf3 $1 (30... Qd2+ $2
31. Ng2 Rxf3 32. h6+ Kxh6 33. Qf8+ Bg7 (33... Kh5 34. Qxf7 Rf1 35. Qxh7+ Kg4
36. Qxg6+ Kf3 37. Qh5+ Kxe4 38. Qg6+ $11) 34. Qxe7 f6 35. Qe6 Rxg3 36. Kxg3
Qxd1 37. Qh3+ Qh5 38. Qe6 $11) 31. h6+ (31. Nxf3 Qxd1 32. h6+ Kxh6 33. Nxd4 (
33. Qf8+ Kh5 34. Nxd4 Kg4 $1 $19) 33... cxd4 34. Qxe7 Qe2+ 35. Kh3 (35. Kg1 d3
36. Qg5+ Kg7 37. e5 dxe5 38. fxe5 Qf3 39. d6 h6 $1 $19) 35... Qf1+ 36. Kh2 Qf2+
37. Kh3 Qg1 $1 38. g4 Qe3+ 39. Kh4 Qf2+ 40. Kh3 Qxf4 $19) 31... Kxh6 32. Qf8+
Bg7 33. Qxe7 Rxf4 34. gxf4 Qxf4+ 35. Kg2 Qg4+ 36. Kf1 Qxd1 37. Qh4+ Qh5 38.
Qf4+ g5 39. Qxd6+ f6 $17) 30... Qd2+ 31. Ng2 Rxf3 32. Qxe7 dxe5 33. h5 Qxd1 0-1

[Event "Match"]
[Site "Cazorla"]
[Date "1998.??.??"]
[Round "?"]
[White "Kramnik, Vladimir"]
[Black "Shirov, Alexei"]
[Result "0-1"]
[WhiteElo "2790"]
[BlackElo "2710"]
[Annotator "Kramnik,V; Dolmatov,S"]
[PlyCount "95"]
[EventDate "1998.??.??"]
[SourceDate "2003.04.06"]

1. d4 Nf6 2. c4 g6 3. f3 d5 4. cxd5 Nxd5 5. e4 Nb6 6. Nc3 Bg7 7. Be3 O-O (7...
Nc6 $5 8. Bb5 O-O 9. Bxc6 bxc6 10. Nge2 Nc4 $13) 8. Qd2 e5 $5 (8... Nc6 {
- 50/(464)}) 9. d5 c6 10. h4 h5 $5 $146 (10... cxd5 11. exd5 f5 $5) (10... Bf6)
11. Be2 cxd5 12. exd5 N8d7 (12... f5 $5) 13. d6 Nf6 (13... Re8 $6 14. Nb5 $16)
14. Bg5 Re8 $6 (14... Be6 $5 15. Nh3 (15. g4 Qd7 $132) 15... Nc4 16. Bxc4 Bxc4)
15. Rd1 $5 (15. Nh3 $6 Bxh3 16. Rxh3 Rc8 17. Rd1 Nc4 18. Bxc4 Rxc4 $11) 15...
Be6 16. Nh3 Nc4 (16... Rc8 $5 17. Nf2 (17. b3 $5) 17... Nc4 18. Bxc4 Rxc4) 17.
Bxc4 Bxc4 18. b3 Ba6 $2 (18... Be6 $8 19. Nf2 Qd7 20. O-O Rac8 21. Rfe1 $14)
19. Nd5 $8 (19. Nf2 Qd7 20. Bxf6 Bxf6 21. Nd5 Bd8 22. Ne4 Kg7 $13) (19. d7 $1
Rf8 $8 (19... Qxd7 20. Qxd7 Nxd7 21. Rxd7 e4 22. Nd5 exf3+ 23. Ne7+ Kf8 24. Kf2
$18) (19... Re6 20. Nf2 $16) 20. Nf2 b6 21. Nd5 Bb7 22. Nxf6+ Bxf6 23. O-O $16)
19... e4 $1 20. Nxf6+ (20. d7 exf3+ 21. dxe8=Q+ Qxe8+ 22. Qe3 Nxd5 23. Rxd5 Qc6
24. Rd8+ (24. Rc5 Qd7 $17) 24... Rxd8 25. Bxd8 Qc2 $17) 20... Bxf6 21. d7 Qb6
$1 $17 22. dxe8=Q+ Rxe8 23. Qe3 Bxg5 24. Qxb6 Bxh4+ 25. Kd2 (25. Qf2 exf3+ 26.
Kd2 Bxf2 27. Nxf2 Re2+ $19) (25. Nf2 exf3+ 26. Kd2 Bg5+ $19) 25... axb6 26.
fxe4 Rxe4 27. Kc2 Rg4 28. Rd2 Be7 29. Rg1 Kg7 30. Nf2 Rf4 31. Nd3 Re4 32. Rgd1
$6 (32. a4 $5 b5 33. Re1 Rxe1 34. Nxe1 bxa4 35. bxa4 $17) 32... Bb5 33. a4 Bc6
34. Re1 $2 Rxe1 35. Nxe1 Bb4 36. Re2 Bxe1 37. Rxe1 Bxg2 38. Kd2 h4 39. Ke3 Bd5
(39... h3 40. Kf2 f5 41. Re6 Bd5 $19) 40. b4 h3 41. Re2 f5 42. Rd2 Be4 43. Kf4
Bg2 44. Rd7+ Kf6 45. Rh7 g5+ 46. Kg3 f4+ 47. Kg4 Ke5 48. b5 (48. b5 Kd4 49. Rh6
Ke3 50. Rh7 Kf2 $19) 0-1

[Event "It"]
[Site "Wijk aan Zee"]
[Date "1998.??.??"]
[Round "5"]
[White "Shirov, Alexei"]
[Black "Kramnik, Vladimir"]
[Result "1-0"]
[WhiteElo "2710"]
[BlackElo "2790"]
[Annotator "NN"]
[PlyCount "103"]
[EventDate "1998.??.??"]
[SourceDate "2003.04.06"]

1. e4 {Shirov,A. Hecht Hansen,Cu Stohl} 1... c5 2. Nf3 Nc6 3. d4 cxd4 4. Nxd4
Nf6 5. Nc3 d6 6. Bg5 e6 7. Qd2 a6 ({Stohl: Earlier Kramnik used to play} 7...
Be7 8. O-O-O O-O 9. f4 Nxd4 10. Qxd4 Qa5 11. Bc4 Bd7 {
but currently he prefers the text alternative.}) 8. O-O-O h6 9. Be3 (9. Bf4 {
Stohl} 9... Bd7 10. Nxc6 Bxc6 11. f3 d5 12. Qe1 Bb4 13. a3 Ba5 14. Bd2 Rc8 $1
15. Qg3 d4 16. Be3 Bc7 17. f4 Nh5 18. Qg4 Qf6 19. Rxd4 Bxf4 20. Bxf4 Qxf4+ 21.
Qxf4 Nxf4 22. g3 Ng6 23. Kd2 Ne5 24. Be2 Ke7 $15 {
Karpov,An-Salov,V/Buenos Aires Sicilian 1994}) 9... Be7 10. f3 ({
Stohl: More aggresive and popular is} 10. f4 {Stohl} 10... Nxd4 (10... Qc7 $5
11. Bd3 b5 $13) 11. Bxd4 b5 12. Kb1 $1 (12. Bd3 b4 $5 13. Na4 Rb8 14. e5 dxe5
15. Bxe5 Bd7 $1 $132) 12... Bb7 13. Bd3 O-O (13... b4 $5 $132) 14. e5 dxe5 15.
fxe5 Nd7 16. Ne4 Bxe4 17. Bxe4 Rb8 $1 18. c3 $1 (18. Ba7 Nxe5 19. Qc3 Bd6 20.
Qd4 Bc7 21. Qc5 Qc8 22. Rhe1 Nc4 23. Bxb8 Qxb8 24. g3 Be5 25. c3 Rc8 26. Qe7 b4
27. Qxb4 Qc7 28. Qb7 Na3+ 29. Kc1 Bf4+ $1 30. gxf4 Qxf4+ 31. Rd2 Rd8 32. Red1
Rxd2 33. Rxd2 Qf1+ 34. Rd1 Qf4+ {1/2,Shirov,A-Kramnik,V/Linares 1997}) 18...
Qc7 19. Bc2 Rfd8 20. Qf4 Nf8 21. Rhf1 Bg5 22. Qf2 Rd7 23. Bc5 Rc8 24. Bd6 $40 {
Kasparov,G-Kramnik,V/Novgorod 1997}) 10... Nxd4 11. Bxd4 e5 $5 {Stohl: Strategi
cally very committal. Hansen,Cu: It is remarkable that Kramnik avoids the main
line which goes on with:} (11... b5 $142 $5 {Stohl} 12. Kb1 (12. h4 {Hansen,Cu}
12... Qa5 {
As far as I know this line has given black quite
reasonable results.}) 12...
Rb8 13. Qe3 $6 (13. Ba7 $5 Rb7 14. Be3) 13... b4 14. Na4 Qc7 15. b3 O-O 16. Bd3
e5 17. Bb2 Bd7 18. Bxa6 Ra8 19. Qe2 Bxa4 20. bxa4 Nd7 21. Qc4 Nc5 22. Bb5 Qa5
23. c3 bxc3 24. Bxc3 Qa7 25. Rc1 Nxa4 26. Qxa4 Qxa4 27. Bxa4 Rxa4 28. Rc2 f5 {
1/2,Kasparov,G-Kramnik,V/Moscow PCA act 1996}) 12. Be3 (12. Bf2 {Stohl} 12...
Be6 13. Bh4 Qa5 14. Bxf6 Bxf6 15. Kb1 Rc8 16. Nd5 Qxd2 17. Rxd2 Bg5 {
1/2,Leko,P-Kramnik,V/Vienna 1996}) 12... Be6 13. Kb1 (13. g4 {Stohl} 13... Qa5
14. a3 Rc8 $1 (14... b5 15. h4 b4 16. Nd5 Bxd5 17. exd5 Rb8 18. Kb1 Bd8 $6 19.
axb4 Rxb4 20. Qc3 O-O 21. Bd2 Ra4 22. b4 Qc7 23. Kb2 $1 Nxd5 24. Qxc7 Bxc7 25.
Kb3 Nb6 26. Be3 a5 27. c3 axb4 28. Bxb6 {1-0,Shirov,A-Lutz,C/Munich 1993}) 15.
Kb1 $142 $14 (15. h4 $2 Rxc3 $1 16. Qxc3 Qxc3 17. bxc3 d5 $36)) 13... Rc8 14.
h4 $5 {Hansen,Cu: Black has to think about where to place his K. If he castles
king-side white might get a strong attack with g4-g5. And if there is no
attack the chasing of Nf6 to a less good square could well give white complete
control over d5.} 14... Qa5 {/\15..Rxc3 16.Qxc3 Qxa2+ 17.Kc1 0-0 ~/=} 15. a3 {
/\g4,Be2,g5,><d5} (15. Nd5 {Stohl} 15... Qxd2 16. Rxd2 (16. Nxf6+ gxf6 $1 17.
Rxd2 f5 $10) 16... Nxd5 17. exd5 Bd7 {/\f5<=>}) 15... b5 $1 $146 (15... Rxc3
16. Qxc3 Qxc3 17. bxc3 d5 18. exd5 (18. Bd3 Bxa3 $44) (18. Kb2 dxe4 $15) 18...
Nxd5 19. Bd2 $16 Bxa3 {Stohl} (19... O-O 20. Bc4 Nxc3+ 21. Bxc3 Bxc4 22. Bxe5
$16) 20. Bc4 $36 {/\} 20... Ne3 $6 (20... O-O 21. Bxd5 Bxd5 22. Bc1 $1 $16) (
20... Nxc3+ 21. Bxc3 Bxc4 22. Bxe5 $16) 21. Bxe6 $1 Nxd1 22. Bd5 Nf2 23. Re1 $1
$16 {/\Be3,Re5,><Nf2}) (15... O-O $2 {Stohl} 16. Nd5 $16) 16. g4 $5 (16. Nd5
Qxd2 17. Rxd2 (17. Nxf6+ gxf6 18. Rxd2 f5 $15) 17... Nxd5 18. exd5 Bd7 $11)
16... Rxc3 {Stohl: This sacrifice represents a radical solution. Hansen,Cu: In
principle white did not yet threaten 16. g5 because of 16. - hxg5 17.hxg5?
Rxh1. But black has no way to improve his position before the positionally
necessary exchange-sacrifice.  In fact one could ask if black did not play the
exchange-sac one move to late. If black had played without b7-b5, white in the
game continuation could not have exchanged his weak c3-P with c3-c4 which
could well improve blacks  chances considerably.} (16... b4 $143 {Stohl} 17.
Nd5 Bxd5 18. exd5 Qa4 19. Qxb4 $1 Qxc2+ 20. Ka2 O-O 21. Bxa6 Rb8 22. Rd2 Qc7
23. Qc3 Qd8 24. Rc1 $16 {De la Villa Garcia,J-Ubilava,E/Leon 1994}) (16... Nd7
$6 {Stohl} 17. Nd5 $16 {_|_><<<}) ({Interesting is} 16... Rb8 $5 {Stohl /\b4}
17. Nd5 Qxd2 18. Nxf6+ Bxf6 19. Rxd2 Be7 20. Be2 Bc4 21. h5 Kd7 22. Rhd1 Rhc8
23. Bxc4 bxc4 24. Rd5 Rb5 25. a4 Rxd5 26. Rxd5 Kc6 27. b3 Bg5 28. Bxg5 hxg5 29.
bxc4 Kd7 $11 {Hartman,C-Murugan,K/Wrexham 1996/1/2  (43)}) 17. Qxc3 Qxc3 18.
bxc3 d5 {Hansen,Cu: Blacks has solved a number of his problems. He has
regained control over d5. His problem with finding a safe place for his K is
solved because the Qs have been exchanged.  The question is whether whites
weakened P-structure is enough compensation for the exchange.} 19. exd5 {
'N' Shirov,A.} (19. g5 $2 hxg5 20. hxg5 Rxh1 21. gxf6 Rxf1 $1 22. Rxf1 Bxf6) (
19. a4 {Shirov,A}) 19... Nxd5 20. Bd2 O-O (20... e4 21. fxe4 Bxg4 22. Re1 Nb6
23. Be3 $16) (20... Nb6 21. Re1 (21. c4 $5 Nxc4 22. Bxc4 Bxc4 23. Bb4 {Anand})
(21. Re1 $1 {Stohl} 21... f6 (21... Bxa3 22. Rxe5 O-O 23. g5 $16) 22. f4 Bxg4
23. fxe5 f5 24. Be3 $16) (21. Bc1 O-O {/\Na4,Rc8|^})) (20... Bxa3 $142 $5 {
Stohl} 21. c4 (21. Re1 $143 O-O $5 22. Rxe5 Rc8 $13) 21... bxc4 22. Bxc4 Ne3 $1
(22... O-O $6 {-20...0-0}) 23. Bxe3 (23. Bxe6 Nxd1 24. Bb3 Nf2 $13 {
Compared to the line above,Black's N can go to h3 later on.}) 23... Bxc4 24.
Bc1 $5 $14 {White is better, but his technical task is much more difficult,
than in the game.}) 21. c4 {Exchanging whites weakest P} 21... bxc4 22. Bxc4
Rb8+ {Hansen,Cu: This move was criticised by Kramnik after the game. However I
don't see any improvement.} (22... Nc3+ 23. Bxc3 Bxc4 24. Bxe5 $16) (22... Bxa3
23. Bxd5 (23. Rhe1 $6 {Stohl} 23... Rc8 24. Bb3 Nc3+ $5 25. Bxc3 Bxb3 $14)
23... Bxd5 24. Bb4 $1 $14) 23. Bb3 (23. Ka2 $143 $6 {Stohl} 23... Ne3 $5 24.
Bxe3 (24. Bxe6 Nxd1 25. Bb3 Nf2 $132) 24... Bxc4+ 25. Ka1 Bxa3 $14) 23... Bxa3
24. Rhe1 f6 (24... Bd6 {Stohl} 25. Ka2 $5) 25. Re4 $5 (25. Ka2 Bf8 (25... Bc5
$5 26. Ba5 Nf4 $14) 26. Re3 Kf7 27. Rd3 Rb5 $14) 25... Bc5 26. Ra4 Nc7 27. Kb2
$3 (27. Ka2 Bxb3+ 28. cxb3 Rd8 $44) (27. Ka2 $5 $16 {
Stohl leads to the exchange of B and was probably even better.}) 27... Kh7 (
27... Bxb3 28. cxb3 Rd8 29. Kc2 Nb5 30. Be1 Nd4+ 31. Kb2 $16) (27... Kf8 $142
$5 {Stohl}) 28. Be1 $1 Bd5 (28... Bxb3 29. cxb3 Bd4+ 30. Bc3) 29. Rd3 {
/\Ba5 Stohl: White has developed his R and consolidated his position,therefore 
Kramnik decides to change the material balance in this endgame again.} 29...
Bc6 30. Rc4 $1 (30. Ra1 $2 {Stohl} 30... Bb5 $36) 30... Ne6 31. Bf2 $1 Bb5 $2 {
Hansen,Cu: This seems a very strange decision to me. I think black could have
tried:} (31... Bxf2 32. Rxc6 Nc5 (32... Nd4 {Hansen,Cu} 33. Rxa6 Bxh4 {+/-/+/=}
) 33. Rd5 $16 (33. Rd5 {Stohl} 33... Rb5 34. Ka3 $5 $16)) 32. Rxc5 Nxc5 (32...
Bxd3 {Stohl} 33. cxd3 {-32...Nc5} (33. Rc6 $2 Nf4 $1 $17)) 33. Bxc5 Bxd3 34.
cxd3 {/\h5 '+/-' Shirov,A.  Stohl: White's active ^^ and Black's inactive K
give White very good winning chances. His first task is to liquidate the
a-pawn. # Hecht:   Deutlicher weiser Vorteil mit zwei Laufern gegen Turm +
Bauer  Die Kommentare gehen auf A.Shirov zuruck. Ich habe eine
Endspielmedaille vergeben: Grund: Materialverteilung sowie eine gute
startegische wie taktische Leistung zweier Weltklassespieler.} 34... h5 35. Kc3
Rc8 $138 (35... hxg4 $142 36. fxg4 g6) (35... g5 $2 {Stohl} 36. hxg5 h4 37.
gxf6 Rc8 (37... h3 38. Bg1) 38. Kb4 Rxc5 39. Kxc5 h3 40. Bd5 $18) (35... Kg6
$142 $5 $16 {Stohl}) 36. Kb4 Rb8+ (36... a5+ {Stohl} 37. Kb5 Rb8+ 38. Ka4 {
/\Be6,Ka5+-}) 37. Ka4 Kg6 $2 (37... hxg4 38. fxg4 g6 $16) 38. Be6 $1 $18 {
'!' Shirov,A.  Hansen,Cu: /\ 39. Bf5+ + 40. gxh5. At this point it becomes
clear that whites bishops will have strong enough squares to keep the K-side
intact while white can play actively with hisK} 38... Rh8 39. Bf2 Kh6 (39...
Re8 {Stohl} 40. Bf5+ Kh6 41. g5+ $1 fxg5 42. Be3 g6 43. Bxg5+ Kg7 44. Be4 $18 {
><P}) 40. Ka5 hxg4 (40... g5 {Stohl} 41. Be3 $1 $18 {
keeps Black's K in his box.}) 41. fxg4 g6 {Hecht: zu spat!} (41... Ra8 {Stohl}
42. Be3+ Kh7 43. h5 {/\Bf5-e4+-}) 42. g5+ $1 (42. Kxa6 {Stohl} 42... Rd8 43.
Bc4 (43. Be3+ $143 $6 Kg7 44. Bc4 f5) 43... f5 44. g5+ Kh5 45. d4 $1 Rxd4 46.
Be2+ Rg4 47. Kb5 f4 48. Bxg4+ Kxg4 49. Kc4 e4 50. Be1 $18) 42... Kg7 (42...
fxg5 43. Be3 $18) 43. Kxa6 $1 {'+-!' Shirov,A.} (43. d4 $2 exd4 $1 (43... Rf8
$5 {Shirov,A}) 44. Bxd4 (44. gxf6+ Kxf6 45. Bxd4+ Kxe6 46. Bxh8 Kf5 $11 47. Bc3
g5 48. h5 g4 $11) 44... Rxh4 45. gxf6+ (45. Bxf6+ Kh7 $11) 45... Kh7 46. Bc5
Rf4 47. Be7 g5 $11) 43... Rd8 (43... fxg5 44. hxg5 Rh2 (44... Rh5 {Stohl} 45.
Be3 $18 {/\Kb6-c6-d6,Bd5-e4}) 45. Bc5 Rd2 46. Bc4 $18) 44. Bc4 f5 45. Kb7 e4
46. d4 $3 {# Hecht:   Der weise Freibauer ist bei den starken Laufern mehr
wert als die verbundenen Freibauern.} (46. Kc7 Ra8 $132) (46. Bb6 Re8 $132) (
46. dxe4 $143 $6 {Stohl} 46... fxe4 {o^e<=>}) 46... f4 47. d5 e3 48. Be1 f3 49.
Kc7 $1 Rf8 (49... Rxd5 {Stohl} 50. Bxd5 f2 51. Bc3+ Kh7 52. Bc4 $18) (49... Ra8
{Shirov,A} 50. d6) 50. d6 Rf4 (50... f2 {Stohl} 51. Bc3+ {/\d7}) (50... e2 {
Stohl} 51. d7 f2 52. Bxf2 Rxf2 53. d8=Q {/\Qg8#}) 51. Bc3+ Kh7 (51... Kf8 52.
d7 Rxc4+ 53. Kd6 $18 (53. Kd6 {Hecht} 53... Rxc3 54. d8=Q+ Kg7 55. Qf6+ $18))
52. Bd3 1-0